Powiaty w Polsce na literę C - Statystyki

Ogólne statystyki
  • Ten quiz został rozwiązany 74 razy
  • Średni wynik to 9 z 14
Statystyki odpowiedzi
Odpowiedź % Poprawnych
częstochowski
86%
ciechanowski
84%
Częstochowa
84%
Chełm
75%
chojnicki
73%
chełmski
71%
cieszyński
71%
chełmiński
70%
człuchowski
68%
Chorzów
55%
chodzieski
54%
czarnkowsko trzcianecki
54%
choszczeński
52%
chrzanowski
45%
Nie znaleziono quizów pasujących do podanych kryteriów
Rozkład punktacji
Procent ludzi z każdym wynikiem
Percentyl według liczby udzielonych odpowiedzi
Twoja historia wyników
Nie rozwiązałeś tego quizu